Hutta. (Record no. 105020)
[ view plain ]
| 000 -LEADER | |
|---|---|
| fixed length control field | 00557nam a2200205Ia 4500 |
| 003 - CONTROL NUMBER IDENTIFIER | |
| control field | OSt |
| 005 - DATE AND TIME OF LATEST TRANSACTION | |
| control field | 20250805111231.0 |
| 008 - FIXED-LENGTH DATA ELEMENTS--GENERAL INFORMATION | |
| fixed length control field | 210210b2002 xxu||||| |||| 00| 0 eng d |
| 020 ## - INTERNATIONAL STANDARD BOOK NUMBER | |
| International Standard Book Number | 81 87731 36 2 |
| 040 ## - CATALOGING SOURCE | |
| Transcribing agency | AL |
| 041 ## - LANGUAGE CODE | |
| Language code of text/sound track or separate title | Kannada |
| 082 ## - DEWEY DECIMAL CLASSIFICATION NUMBER | |
| Classification number | K894.3 BALH |
| 100 ## - MAIN ENTRY--PERSONAL NAME | |
| Personal name | BALASAHEBA LOKAPURA. |
| Dates associated with a name | ಬಾಳಾಸಾಹೇಬ ಲೋಕಾಪುರ |
| 9 (RLIN) | 233915 |
| 245 ## - TITLE STATEMENT | |
| Title | Hutta. |
| Remainder of title | ಹುತ್ತ |
| 260 ## - PUBLICATION, DISTRIBUTION, ETC. | |
| Place of publication, distribution, etc. | Ballari. |
| Name of publisher, distributor, etc. | Lohiya Prakashana., |
| Date of publication, distribution, etc. | 2002 |
| 300 ## - PHYSICAL DESCRIPTION | |
| Extent | xviii,182 |
| 690 ## - LOCAL SUBJECT ADDED ENTRY--TOPICAL TERM (OCLC, RLIN) | |
| Topical term or geographic name as entry element | Kannada Fiction |
| 9 (RLIN) | 233916 |
| 906 ## - LOCAL DATA ELEMENT F, LDF (RLIN) | |
| a | 057330 |
| 942 ## - ADDED ENTRY ELEMENTS (KOHA) | |
| Source of classification or shelving scheme | Dewey Decimal Classification |
| Koha item type | Book |
| Withdrawn status | Lost status | Source of classification or shelving scheme | Damaged status | Not for loan | Collection code | Home library | Current library | Shelving location | Date acquired | Source of acquisition | Cost, normal purchase price | Total Checkouts | Full call number | Barcode | Date last seen | Price effective from | Koha item type |
|---|---|---|---|---|---|---|---|---|---|---|---|---|---|---|---|---|---|
| Dewey Decimal Classification | Kannada | St Aloysius Library | St Aloysius Library | 02/17/2021 | Lohiya Prakashana, Ballary. | 75.00 | K894.3 BALH | 057330 | 02/17/2021 | 02/17/2021 | Book |